Music Quiz

Random Music or Singers Quiz
Score 0/30 Timer 03:00
12 Plays Today
% Correct
Britney Spears
90.9%
Britney Spears
90.2%
Madonna
89.2%
Madonna
86%
Jennifer Lopez
85.4%
Britney Spears
85.2%
Madonna
85.1%
Christina Aguilera
82.2%
Madonna
80.2%
Rihanna
78.3%
Rihanna
77%
Christina Aguilera
73.4%
Rihanna
72.6%
Rihanna
69.4%
Mariah Carey
69.3%
% Correct
Britney Spears
67.8%
Mariah Carey
66.7%
Christina Aguilera
65%
Christina Aguilera
64.3%
Mariah Carey
62.7%
Jennifer Lopez
61.6%
Madonna
60%
Jennifer Lopez
58%
Britney Spears
57.1%
Rihanna
56.1%
Jennifer Lopez
51.8%
Mariah Carey
51.3%
Jennifer Lopez
49.9%
Mariah Carey
39.7%
Christina Aguilera
22.3%
Remove Ads.
Support Sporcle.
Get the best of Sporcle when you Go Orange. This ad-free experience offers more features, more stats, and more fun while also helping to support Sporcle. Thank you for becoming a member.

You're not logged in!

Compare scores with friends on all Sporcle quizzes.
OR
Log In

Show Comments

Extras

Top Quizzes Today


Score Distribution

Your Account Isn't Verified!

In order to create a playlist on Sporcle, you need to verify the email address you used during registration. Go to your Sporcle Settings to finish the process.

Report this User

Report this user for behavior that violates our Community Guidelines.

Details: